Adam smith and modern economics: (Record no. 115152)
[ view plain ]
| 000 -LEADER | |
|---|---|
| fixed length control field | 00505cam a2200157 4500 |
| 008 - FIXED-LENGTH DATA ELEMENTS--GENERAL INFORMATION | |
| fixed length control field | 101104n 000 0 eng u |
| 020 ## - INTERNATIONAL STANDARD BOOK NUMBER | |
| International Standard Book Number | 1852787449 |
| 035 ## - SYSTEM CONTROL NUMBER | |
| System control number | (Sirsi) a171814 |
| 050 ## - LIBRARY OF CONGRESS CALL NUMBER | |
| Classification number | HB 103 WES 1990 |
| 100 ## - MAIN ENTRY--PERSONAL NAME | |
| Personal name | West , Edwin G |
| 245 ## - TITLE STATEMENT | |
| Title | Adam smith and modern economics: |
| Remainder of title | from market behaviour to public choice/ |
| Statement of responsibility, etc. | Edwin G West. |
| 260 ## - PUBLICATION, DISTRIBUTION, ETC. | |
| Place of publication, distribution, etc. | Newcastle: |
| Name of publisher, distributor, etc. | Athenaeum Press, |
| Date of publication, distribution, etc. | 1992 |
| 300 ## - PHYSICAL DESCRIPTION | |
| Extent | vi, 212p. |
| 504 ## - BIBLIOGRAPHY, ETC. NOTE | |
| Bibliography, etc. note | Includes bibliographical references and index. |
| 650 ## - SUBJECT ADDED ENTRY--TOPICAL TERM | |
| Topical term or geographic name entry element | economics. |
No items available.